Catálogo

Solución de problemas en ingeniería con MATLAB / (Registro nro. 40405)

Detalles MARC
000 -LEADER
fixed length control field 01317cam a2200337 i 4500
001 - CONTROL NUMBER
control field 40405
003 - CONTROL NUMBER IDENTIFIER
control field Mx-PuUPA
005 - DATE AND TIME OF LATEST TRANSACTION
control field 20201229194950.0
008 - FIXED-LENGTH DATA ELEMENTS--GENERAL INFORMATION
fixed length control field 140415s2007 mx a gr 001 0 spa d
020 ## - INTERNATIONAL STANDARD BOOK NUMBER
International Standard Book Number 9789708170857
040 ## - CATALOGING SOURCE
Original cataloging agency Mx-PuUPA
Language of cataloging spa
Transcribing agency Mx-PuUPA
Modifying agency Mx-PuUPA
Description conventions rda
041 0# - LANGUAGE CODE
Language code of text/sound track or separate title spa
100 1# - MAIN ENTRY--PERSONAL NAME
Personal name Montufar Benítez, Marco A.,
9 (RLIN) 10134
Fuller form of name (Marco Antonio)
Relator term autor
245 14 - TITLE STATEMENT
Title Solución de problemas en ingeniería con MATLAB /
Statement of responsibility, etc. Marco Antonio Montufar Benítez, Joselito Medina Marín
250 ## - EDITION STATEMENT
Edition statement Primera edición
264 #4 - PRODUCTION, PUBLICATION, DISTRIBUTION, MANUFACTURE, AND COPYRIGHT NOTICE
Place of production, publication, distribution, manufacture México, D.F. :
Name of producer, publisher, distributor, manufacturer Grupo Editorial Patria,
Date of production, publication, distribution, manufacture, or copyright notice ©2007
300 ## - PHYSICAL DESCRIPTION
Extent 136 páginas :
Other physical details ilustraciones ;
Dimensions 28 cm +
Accompanying material 1 disco de computadora (4 3/4 pulg.)
336 ## - CONTENT TYPE
Content type term texto
Fuente rdacontent
Content type code txt
337 ## - MEDIA TYPE
Source rdamedia
Media type term sin medio
Media type code n
337 ## - MEDIA TYPE
Source computadora
Media type term rdamedia
Media type code c
338 ## - CARRIER TYPE
Source rdacarrier
Carrier type term volumen
Carrier type code nc
338 ## - CARRIER TYPE
Source rdacarrier
Carrier type term disco de computadora
Carrier type code cd
650 #4 - SUBJECT ADDED ENTRY--TOPICAL TERM
Topical term or geographic name entry element MATLAB -Lenguajes de programación (Computadoras electrónicas)
650 #4 - SUBJECT ADDED ENTRY--TOPICAL TERM
Topical term or geographic name entry element Análisis numérico
General subdivision Procesamiento de datos
650 #4 - SUBJECT ADDED ENTRY--TOPICAL TERM
Topical term or geographic name entry element Ingeniería matemática
General subdivision Procesamiento de datos
700 1# - ADDED ENTRY--PERSONAL NAME
Personal name Medina Marín, Joselito,
Relator term autor
942 ## - ADDED ENTRY ELEMENTS (KOHA)
Source of classification or shelving scheme Dewey Decimal Classification
Koha item type Libro
Classification part 005.3684
Item part M734
Existencias
Withdrawn status Lost status Source of classification or shelving scheme Damaged status Not for loan Collection code Home library Current library Shelving location Date acquired Source of acquisition Total Checkouts Full call number Barcode Date last seen Price effective from Koha item type
    Dewey Decimal Classification     General Biblioteca Karol Wojtyla Biblioteca Karol Wojtyla Sala general 03/12/2013 Compra   005.3684 M734 2007 60748 05/01/2026 03/12/2013 Libro
    Dewey Decimal Classification     Audiovisual Biblioteca Karol Wojtyla Biblioteca Karol Wojtyla Módulo de circulación 13/01/2020     005.3684 M734 2007 700458 13/01/2020 13/01/2020 Cd-Rom